000 00785nab a2200241u 4500
001 07975
003 HDC
007 c| |||a|c|aaaa
008 210129b20170203my ||||| |||| 00| 0 eng d
040 _aHDC
100 _aFarah Adilla
_eauthor
_98084
245 0 _aGlobal Halal Exchange boosts online reach /
_cFarah Adilla
336 _atext
_2rdacontent
337 _acomputer
_2rdamedia
338 _aonline resource
_2rdacarrier
650 _aGlobal Halal Exchange (GHX)
_98481
650 _aGlobal Halal
_96073
710 _aNew Straits Times
856 _zRequest full-text at [email protected]
942 _2lcc
942 _cNEWS
942 _kNWSC 001441
999 _c5298
_d5298